000 00558nam a2200169 a 4500
001 000010674
005 20211111123049.0
008 091009s1994 dr r 000 p spa d
040 _aDO-SdBNP
_bspa
_cBNPHU
082 _axxx
_bP418g
100 1 _aPenson, Enríque
_9188
245 1 0 _aGrietas en paredes de bloques /
_cEnrique Penson.
260 _aSanto Domingo :
_bUniversidad Nacional Pedro Henriquez Ureña
_bConsejo Superior de Investigaciones,
_c1994.
300 _a44 p. ;
_c28 cm.
504 _aBibliografía p: 41-43
590 _aInventariado, 2019/ YL
999 _c10429
_d10429